00667nam a22002177a 450000500170000001000140001702000150003102000180004603500130006403700130007708200080009010000280009824500560012626000380018227000770022030000270029749000720032450000190039694200170041599900170043220100724113658.0 aENG-96553 a8124600775 a9788124604496 aEN-80086 bDBAD/PUB a230 aIyenger, T. R. R.91177 aHinduism and sientific quest /cby T. R. R. Iyengar aNew DelhibD. K. Printworldc2004 aRegd. Office : 'Sri Kunj', F-52, Bali Nagar, New Delhi-110015bNew Delhi avii, 284p.c22cm (pbk) aContemporary Research In Hindu Philosophy and Religion, No. 791178 aInclides index 2ddccENmIYE c37505d37505